Progress Report to the IMFC on the Activities of the Independent Evaluation Office of the IMF.

Over the past six months, a key theme has been ensuring strong follow-up to IEO evaluations, a priority stressed by the recently competed External Evaluation of the IEO. Of particular note, the Managing Director has issued a statement highlighting actions planned to strengthen the IMF's engagem...

ver descrição completa

Detalhes bibliográficos
Autor Corporativo: International Monetary Fund
Formato: Periódico
Idioma:English
Publicado em: Washington, D.C. : International Monetary Fund, 2018.
Colecção:Policy Papers; Policy Paper ; No. 2018/051
Assuntos:
Acesso em linha:Full text available on IMF
LEADER 01926cas a2200301 a 4500
001 AALejournalIMF019252
008 230101c9999 xx r poo 0 0eng d
020 |c 5.00 USD 
020 |z 9781498310178 
022 |a 2663-3493 
040 |a BD-DhAAL  |c BD-DhAAL 
110 2 |a International Monetary Fund. 
245 1 0 |a Progress Report to the IMFC on the Activities of the Independent Evaluation Office of the IMF. 
264 1 |a Washington, D.C. :  |b International Monetary Fund,  |c 2018. 
300 |a 1 online resource (2 pages) 
490 1 |a Policy Papers 
500 |a <strong>Off-Campus Access:</strong> No User ID or Password Required 
500 |a <strong>On-Campus Access:</strong> No User ID or Password Required 
506 |a Electronic access restricted to authorized BRAC University faculty, staff and students 
520 3 |a Over the past six months, a key theme has been ensuring strong follow-up to IEO evaluations, a priority stressed by the recently competed External Evaluation of the IEO. Of particular note, the Managing Director has issued a statement highlighting actions planned to strengthen the IMF's engagement with fragile states following our recent evaluation, and this statement is being presented to the IMFC for endorsement. In addition, the IEO has completed two updates of past evaluations, advanced work on two ongoing evaluations (on IMF financial surveillance and on IMF advice related to unconventional monetary policies), and is now considering its future work program in light of the External Evaluation. 
538 |a Mode of access: Internet 
650 7 |a Evaluation  |2 imf 
650 7 |a IEO Work Program  |2 imf 
650 7 |a IMF Engagement  |2 imf 
650 7 |a IMF Governance  |2 imf 
650 7 |a PP  |2 imf 
830 0 |a Policy Papers; Policy Paper ;  |v No. 2018/051 
856 4 0 |z Full text available on IMF  |u http://elibrary.imf.org/view/journals/007/2018/051/007.2018.issue-051-en.xml  |z IMF e-Library